| 000 | 00807nam a2200265 a 4500 | ||
|---|---|---|---|
| 001 | 3973081 | ||
| 005 | 20251103115400.0 | ||
| 008 | 940112s1993 dcua b 000 0 eng d | ||
| 020 | _a1558100873 | ||
| 020 | _a9781558100879 | ||
| 050 | 0 | 0 |
_aRT86 _b.A39 1993 |
| 082 | 0 | 0 |
_a610.73/01/9 _221 |
| 100 | 1 | _aAlward, Ruth R. | |
| 245 | 1 | 4 |
_aThe nurse's shift work handbook / _cRuth R. Alward and Timothy H. Monk. |
| 260 |
_aWashington, D.C. : _bAmerican Nurses Pub., _cc1993. |
||
| 300 |
_axii, 147 p : _bill. ; _c24 cm. |
||
| 500 | _a"NP-82"--P. [4] of cover. | ||
| 650 | 0 |
_aNurses _xJob stress. |
|
| 650 | 0 |
_aShift systems _xHealth aspects. |
|
| 650 | 0 | _aBiological rhythms. | |
| 650 | 0 | _aCircadian rhythms. | |
| 700 | 1 | _aMonk, Timothy H. | |
| 710 | 2 | _aAmerican Nurses Association. | |
| 942 |
_2lcc _cBK _n0 |
||
| 999 |
_c7973 _d7973 |
||